000 00614nam a22001935i 4500
001 68838
003 ES-MaACL
005 20250723061832.0
007 t|
008 960830s1847 fr ||||1| fre d
040 _aCAM
_bspa
_cCAM
100 1 _aGiraud, Ch.
_957241
245 1 0 _aHistoire du droit romain ou Introduction historique a l'étude de cette législation /
_cpar M. Ch. Giraud.
260 _aParis :
_bVidecoq libraire ;
_aAix :
_bAubin éditeur,
_c1847.
300 _a512 p. ;
_c21 cm.
650 0 7 _aDerecho romano
_2embne
_911764
852 _aES-MaACL
_jC-2957
999 _c68838
_d68838